Quizzes
Events
Quiz Creation
Community
Videos
Private Events
Remove Ads
Sign In
Join for FREE
Feedback
Dark Mode
Quiz Categories
Sports
Geography
Music
Movies
Television
Just For Fun
Miscellaneous
History
Literature
Language
Science
Gaming
Entertainment
Religion
Holiday
For Kids
Quiz Lab
Recent
Popular Today
Quiz Kudos Today
Editor Picks
Curator Picks
Quizzes by...
Day
Popularity
Type
Ratings
Length
Year
Community
Subscriptions
Recent Discussions
Orange Saloon
Badges
Playlists
Quests
Create
Leaderboards
Showdown
Live 5
Trivia Bingo
Activity
Puzzle Library
Sporcle Events
Private Events
Virtual Trivia
Globe League
Become a Host
Pub Owners
SporcleCon
Opinionation
Our Games
Videos
Blog
Mobile Apps
Partnerships
Remove Ads and Go Orange
Feedback
Science
Computer
Plants
Astronomy
Chemistry
Elements
Math
Animal
Physics
Anatomy
Biology
Geology
General Science
Science
Computer
Plants
Astronomy
Chemistry
Elements
Math
Animal
Physics
Anatomy
Biology
Geology
General Science
Random Quiz
Search Sporcle
×
Quiz Lab
Quiz Lab
Science
Mammalian
Type in answers that appear in a list
Type in answers that appear in a list
Classic
Best Score? Go Orange.
Mammalian families Stats
Can you name the Mammalian families?
By
sgalen
10m
31 Questions
81 Plays
81 Plays
81 Plays
Comments
Comments
Give Quiz Kudos
Give Quiz Kudos
-
- Ratings
hide this ad
Replay
Link that replays current quiz
Next Quiz
Link to next quiz in quiz playlist
You Got
0%
They Got
Avg Score
58%
Avg Friend Score
Upgrade to see
Score Distribution
Jump to the score distribution portion of the page
Score
0/31
Timer
10:00
0
Plays Today
Mammals
Family
% Correct
Dogs and relatives
Canidae
82.7%
Cats
Felidae
81.5%
Bears
Ursidae
77.8%
bison, cow, goat, sheep
Bovidae
70.4%
horse
Equidae
70.4%
deer, elk, moose, reindeer
Cervidae
69.1%
Shrews
Soricidae
67.9%
American beaver
Castoridae
67.9%
Otters, weasels, mink, etc.
Mustelidae
67.9%
pig
Suidae
66.7%
Squirrels
Sciuridae
65.4%
Rats
Muridae
64.2%
Rabbits
Leporidae
64.2%
Moles
Talpidae
59.3%
Ringtail, Raccoon
Procyonidae
59.3%
Virginia opossum
Didelphidae
59.3%
Mammals
Family
% Correct
Skunks
Mephitidae
56.8%
Armadillos
Dasypodidae
50.6%
Nutria
Myocastoridae
50.6%
pronghorn
Antilocapridae
50.6%
Jumping mice
Dipodidae
49.4%
North American porcupine
Erethizontidae
49.4%
Pocket gophers
Geomyidae
49.4%
Voles, lemmings, deermice, etc.
Cricetidae
48.1%
peccaries
Tayassuidae
48.1%
American Pika
Ochotonidae
46.9%
Kangaroo rat, pocket mouse
Heteromyidae
45.7%
Common bats
Vespertilionidae
43.2%
Sewellel
Aplodontidae
42%
Leaf-
nosed bats
Phyllostomidae
39.5%
Free-
tailed bats
Molossidae
35.8%
Quiz Playlist
Details
Report
Send in Message
Add To Playlist
Classic:
Type in answers that appear in a list
Last Updated: Feb 16, 2017
Quiz Scoreboard
CHALLENGE
Sign Up to Join the Scoreboard
Show All
Scores
Hide
Comments
May contain spoilers
Recently Published
Popular People in 1961
by mucciniale
History
6m
1-10 Letter E Words III
by El_Dandy
Language
2m
One Thing in Common: World Cities II
by knightlancer
Geography
7m
More to Explore
Quiz From the Vault
Featured Blog Post
Where Did the Easter Bunny Come From?
hide this ad
You Might Also Like...
Tags
Family
mammal
Mammalian
Today's Top Quizzes in Science
Browse Science
hide this ad
Today's Top Quizzes in Mammalian
Browse Mammalian
Top Contributed Quizzes in Science
1
One Thing in Common: Science III
2
Quick Pick: 'CI-CJ' Animals
3
Quick Pick: Radians
4
One Thing in Common: Science
5
Sporcle Puzzle Hunt: Science
6
One Thing in Common: Science II
7
Elements In Images
8
Square Numbers Scrambled (1-50)
9
1 to 50
10
Glycolysis
Explore More
Trending Topics
Marvel
Kpop
Disney
Anime
Harry Potter
Crossword
NBA
Soccer
Song
The Office
Puzzle
Pokémon
NFL
WWE
Country
hide this ad
More By:
sgalen
Quiz
Plays
Rating
Category
Featured
Created
Mammals
103
1.67
Science
Sep 25, 2009
Mammalian families
81
5.00
Science
Nov 1, 2009
Turtles, Lizards, and Tuataras
55
5.00
Science
Mar 7, 2010
Amphibians
38
Science
Mar 2, 2010
Amphisbaenians, Snakes, and Crocodylians
29
3.00
Science
Mar 12, 2010
Go to Creator's Profile
Score Distribution
Quiz Creator Spotlight
sgalen
Follow
Send a Message
Quizzes Created
-
Created Quiz Play Count
-
More By This Creator
Popular Quizzes Today
1
Find the US States - No Outlines Minefield
2
Find the Countries of Europe - No Outlines Minefield
3
The Countries of the World
4
Popular People in 1961
5
1-10 Letter E Words III
6
Find the US States
7
One Thing in Common: World Cities II
8
US States
More Science Quizzes
Prove You Aren't a Robot - Animal Camouflage XV
Curator's Pick
Trending Quizzes
Risky Map Clicking: Least Populous States A-Z
1-10 Letter F Words
1-10 Letter G Words
One Thing in Common: United Kingdom
Risky Map Clicking: Next State Alphabetically
Recently Updated
Leaping Animals
pecheneg
Reality TV Shows (A-Z)
bhenderson79
Rickey Henderson's Hall of Fame Teammates
pecheneg
Champions League XIs: Arsenal
pecheneg
Quick Pick: Celebrities in WWE's Hall of Fame
aduchscher
A-Z Keypad Blitz II
pecheneg
Multiple Oscar Actors
pecheneg
Mystery Phrase Blitz: Oscar 'Best Actors'
pecheneg
F. Scott Fitzgerald Novels
LTH
Pick 3 Villains
ddd62291
Trending Topics
Disney
NBA
Harry Potter
Marvel
Kpop
Anime
Crossword
Puzzle
Soccer
The Office
Song
NFL
WWE
Pokémon
Country
Your Account Isn't Verified!
In order to create a playlist on Sporcle, you need to verify the email address you used during registration. Go to your
Sporcle Settings
to finish the process.
Report this User
Report this user for behavior that violates our
Community Guidelines
.
Details:
Send Report
Go to the Sporcle.com Mobile Site →
Comments